[Event "Arco op 38th"]
[Site "Arco"]
[Date "2016.10.11"]
[Round "4"]
[White "Ottaviani, Giovanni"]
[Black "Popa, Claudio"]
[Result "1/2-1/2"]
[WhiteElo "1944"]
[BlackElo "2099"]
[PlyCount "47"]
[EventDate "2016.10.08"]
[EventType "swiss"]
[EventRounds "9"]
[EventCountry "ITA"]
[SourceTitle "EXT 2017"]
[Source "ChessBase"]
[SourceDate "2016.10.25"]
[SourceVersion "1"]
[SourceVersionDate "2016.10.25"]
[SourceQuality "1"]

1. e4 e5 2. Nf3 Nc6 3. Bb5 a6 4. Ba4 Nf6 5. 0-0 d6 6. Re1 b5 7. Bb3 Be7 8. c3 Na5 9. Bc2 c5 10. d4 Qc7 11. Nbd2 0-0 12. dxe5 dxe5 13. Nf1 Rd8 14. Qe2 Bb7 15. Ng3 g6 16. Bg5 Ne8 17. h4 f6 18. Bh6 Bf8 19. Bxf8 Kxf8 20. h5 Kg7 21. Nh4 Bc8 22. Rad1 Be6 23. Rd5 Nb7 24. Red1 1/2-1/2